| 000 | 00311 a2200133 4500 | ||
|---|---|---|---|
| 999 |
_c325019 _d325019 |
||
| 001 | 89946 | ||
| 003 | NUST | ||
| 005 | 20180124142703.0 | ||
| 008 | 180124b xxu||||| |||| 00| 0 eng d | ||
| 082 | _a891.4397 UXI | ||
| 100 |
_aUxi Mufti _9623 |
||
| 245 |
_aAik Din ki Baat _hUrdu |
||
| 260 |
_aLahore _bAl-Faisal Nashran _c2013 |
||
| 300 | _a200p. | ||
| 500 | _aGeneral Books | ||
| 942 |
_aCAE NUST _cBK _k891.4397 UXI _2ddc |
||